| 000 | 01266nam a2200313Ia 4500 | ||
|---|---|---|---|
| 001 | ebr10285219 | ||
| 003 | CaPaEBR | ||
| 006 | m u | ||
| 007 | cr cn||||||||| | ||
| 008 | 050914s2006 enka sb 000 0 eng d | ||
| 020 | _z1412911559 (pbk.) | ||
| 020 | _z9781412911559 (pbk.) | ||
| 040 |
_aCaPaEBR _cCaPaEBR |
||
| 035 | _a(OCoLC)323801600 | ||
| 050 | 1 | 4 |
_aBF721 _b.K479 2006eb |
| 100 | 1 | _aKillick, Steve. | |
| 245 | 1 | 0 |
_aEmotional literacy _h[electronic resource] : _bat the heart of the school ethos / _cSteve Killick. |
| 260 |
_aLondon : _bPaul Chapman Pub. ; _aThousand Oaks, Calif. : _bSage Publications, _c2006. |
||
| 300 |
_aix, 198 p. : _bill. |
||
| 500 | _a"A Lucky Duck book." | ||
| 504 | _aIncludes bibliographical references (p. 195-197). | ||
| 533 |
_aElectronic reproduction. _bPalo Alto, Calif. : _cebrary, _d2009. _nAvailable via World Wide Web. _nAccess may be limited to ebrary affiliated libraries. |
||
| 650 | 0 | _aChild psychology. | |
| 650 | 0 | _aEmotions in children. | |
| 650 | 0 |
_aSchool environment _xPsychological aspects. |
|
| 655 | 7 |
_aElectronic books. _2local |
|
| 710 | 2 | _aebrary, Inc. | |
| 856 | 4 | 0 |
_uhttp://site.ebrary.com/lib/rucke/Doc?id=10285219 _zAn electronic book accessible through the World Wide Web; click to view |
| 999 |
_c16844 _d16844 |
||